| 000 | 00850cam a2200265 4500 | ||
|---|---|---|---|
| 001 | ABS62219 | ||
| 008 | 000000n2000 000 0 eng u | ||
| 035 | _a(Sirsi) u105688 | ||
| 100 | _aSaunders, P. | ||
| 245 | _aBoundaries of the doctrine of quiet enjoyment | ||
| 260 | _c2000 | ||
| 490 |
_aSolicitors' Journal _v144(14) 14 April 2000, 348-349(2) |
||
| 520 | _aReviews case law on the covenant of quiet enjoyment showing how the doctrine is becoming the tort of nuisance. | ||
| 590 | _aABS | ||
| 650 | _aSOUTHWARK V MILLS | ||
| 650 | _aHUSSAIN V LANCASTER CC | ||
| 650 | _aTAGRO V CAFANE | ||
| 650 | _aQUEENSWAY MARKETING V ASSOCIATED RESTAURANT | ||
| 650 | _aSAMPSON V FLOYD | ||
| 650 | _aBREACH OF COVENANT | ||
| 650 | _aLEASES | ||
| 650 | _aCOVENANT OF QUIET ENJOYMENT | ||
| 690 | _aLANDLORD AND TENANT-LEASES | ||
| 942 | _n0 | ||
| 999 |
_c63297 _d63297 |
||